00589nam a22001817a 4500003000400000005001700004008003600021020001900057040002600076082002400102100002900126245007900155260004600234300002100280500005800301650002200359650002600381OSt20240530073924.0210222b 2020 dr 00| 0 eng d a9789945920970  aDO-SdBNP bspacBNPHU 4aRD863.44bP438j2221 aPérez, Carlos, d1958-10aJesús en el festín de los demonios /cCarlos Antonio Pérez Guzmán. aSanto Domingo :bPoetas de la Era,c2020. a79 p. ;c22 cm.  aIncluye datos biográficos del autor en las solapas. 0aNovela dominicana 4aLiteratura dominicana